[Event "CAN-ch Amateur U2100"]
[Site "Kitchener CAN"]
[Date "2010.08.01"]
[Round "5"]
[White "Fu, James"]
[Black "Nicholson, Matthew"]
[Result "0-1"]
[WhiteElo "2023"]
[BlackElo "1982"]
[PlyCount "46"]
[EventDate "2010.07.30"]
[EventType "swiss"]
[EventRounds "7"]
[EventCountry "CAN"]

1. e4 e5 2. Nf3 Nc6 3. d4 exd4 4. Bc4 Nf6 5. O-O Nxe4 6. Re1 d5 7. Bxd5 Qxd5 8.
Nc3 Qh5 9. Nxe4 Be6 10. Neg5 O-O-O 11. Nxe6 fxe6 12. Rxe6 Bd6 13. Qe2 d3 14.
Qxd3 Bxh2+ 15. Nxh2 Rxd3 16. cxd3 Qd1+ 17. Nf1 Nd4 18. Re4 Ne2+ 19. Rxe2 Qxe2
20. d4 Qe1 21. b3 Rf8 22. f3 Qc3 23. Rb1 Re8 0-1

[Event "CAN-ch Amateur U2100"]
[Site "Kitchener CAN"]
[Date "2010.08.01"]
[Round "5"]
[White "Gillanders, Robert"]
[Black "Jackson, Nicholas"]
[Result "1/2-1/2"]
[WhiteElo "1824"]
[BlackElo "1624"]
[PlyCount "28"]
[EventDate "2010.07.30"]
[EventType "swiss"]
[EventRounds "7"]
[EventCountry "CAN"]

1. d4 Nf6 2. c4 Nc6 3. a3 a5 4. Nc3 d6 5. e4 e5 6. d5 Ne7 7. h3 Nd7 8. Bd3 Nc5
9. Nf3 b6 10. O-O g6 11. Nh2 Bg7 12. b3 O-O 13. Rb1 f5 14. f3 f4 1/2-1/2

[Event "CAN-ch Amateur U2100"]
[Site "Kitchener CAN"]
[Date "2010.08.01"]
[Round "5"]
[White "Lai, Jonathan"]
[Black "Hendon, Lee"]
[Result "1/2-1/2"]
[WhiteElo "1768"]
[BlackElo "1724"]
[PlyCount "54"]
[EventDate "2010.07.30"]
[EventType "swiss"]
[EventRounds "7"]
[EventCountry "CAN"]

1. e4 c5 2. Nf3 Nc6 3. d4 cxd4 4. Nxd4 Nf6 5. Nc3 e5 6. Ndb5 d6 7. Bg5 a6 8.
Na3 b5 9. Nd5 Be7 10. Bxf6 Bxf6 11. c4 b4 12. Nc2 a5 13. Be2 Bg5 14. b3 Be6 15.
O-O O-O 16. a3 bxa3 17. Rxa3 Bxd5 18. Qxd5 Ne7 19. Qd3 f5 20. Bf3 f4 21. Rd1
Qb6 22. Qxd6 Nc6 23. Rd5 Be7 24. Qe6+ Kh8 25. Rb5 Qc7 26. Ra1 Rf6 27. Qh3 Rh6
1/2-1/2

[Event "CAN-ch Amateur U2100"]
[Site "Kitchener CAN"]
[Date "2010.08.01"]
[Round "5"]
[White "Leu, Richard"]
[Black "Becker, Paul"]
[Result "1/2-1/2"]
[WhiteElo "2005"]
[BlackElo "2035"]
[PlyCount "48"]
[EventDate "2010.07.30"]
[EventType "swiss"]
[EventRounds "7"]
[EventCountry "CAN"]

1. d4 d5 2. c4 c6 3. Nf3 Nf6 4. e3 a6 5. Nc3 e6 6. a3 Nbd7 7. Qc2 Bd6 8. b4 O-O
9. Bb2 Re8 10. Bd3 e5 11. dxe5 Nxe5 12. Nxe5 Bxe5 13. cxd5 cxd5 14. Ne2 Qe7 15.
h3 Bd7 16. Bd4 Bxd4 17. Nxd4 Rac8 18. Qb3 Qe5 19. O-O Ne4 20. Bxe4 dxe4 21.
Rac1 Qg5 22. Rxc8 Rxc8 23. Kh2 Qe5+ 24. Kg1 Qg5 1/2-1/2

[Event "CAN-ch Amateur U2100"]
[Site "Kitchener CAN"]
[Date "2010.08.01"]
[Round "5"]
[White "Liu, Steven"]
[Black "Piccinin, Mario"]
[Result "0-1"]
[WhiteElo "1908"]
[BlackElo "1768"]
[PlyCount "54"]
[EventDate "2010.07.30"]
[EventType "swiss"]
[EventRounds "7"]
[EventCountry "CAN"]

1. Nf3 f5 2. d4 Nf6 3. c4 e6 4. e3 d5 5. Ne5 c6 6. cxd5 exd5 7. Bd3 Bd6 8. Nf3
Ne4 9. O-O Nd7 10. Nc3 Ndf6 11. Nd2 h5 12. f3 Bxh2+ 13. Kxh2 Ng4+ 14. fxg4
hxg4+ 15. Kg1 Qh4 16. Ndxe4 fxe4 17. Rf4 Qh2+ 18. Kf1 g3 19. Ke1 Qxg2 20. Qe2
Rh1+ 21. Rf1 Rxf1+ 22. Qxf1 Qh2 23. Bxe4 dxe4 24. Ne2 Bg4 25. Nf4 g5 26. Ng6
Bf3 27. Qc4 Qf2# 0-1

[Event "CAN-ch Amateur U2100"]
[Site "Kitchener CAN"]
[Date "2010.08.01"]
[Round "5"]
[White "McGlynn, Danny"]
[Black "Gashgarian, Robert"]
[Result "1-0"]
[WhiteElo "1886"]
[BlackElo "1942"]
[PlyCount "51"]
[EventDate "2010.07.30"]
[EventType "swiss"]
[EventRounds "7"]
[EventCountry "CAN"]

1. e4 c5 2. Nc3 Nc6 3. f4 d6 4. Nf3 a6 5. Be2 b5 6. a4 b4 7. Nb1 Nf6 8. d3 e6
9. Nbd2 d5 10. O-O Qc7 11. e5 Nd7 12. Nb3 f6 13. exf6 Nxf6 14. Qe1 Bd6 15. Qh4
O-O 16. Bd2 e5 17. fxe5 Nxe5 18. Nxe5 Bxe5 19. d4 cxd4 20. Bd3 Rb8 21. Rae1 Ne4
22. Rxf8+ Kxf8 23. Qxh7 Nxd2 24. Nxd2 Rb6 25. Qh8+ Kf7 26. Qh5+ 1-0

[Event "CAN-ch Amateur U2100"]
[Site "Kitchener CAN"]
[Date "2010.08.01"]
[Round "5"]
[White "Moran, Richard"]
[Black "Bzikot, Robert"]
[Result "1-0"]
[WhiteElo "1893"]
[BlackElo "2004"]
[PlyCount "81"]
[EventDate "2010.07.30"]
[EventType "swiss"]
[EventRounds "7"]
[EventCountry "CAN"]

1. d4 f5 2. c4 Nf6 3. Nc3 g6 4. Nf3 Bg7 5. Qc2 d6 6. e3 O-O 7. Bd3 Nc6 8. Qb3
Kh8 9. O-O e5 10. dxe5 dxe5 11. Rd1 Qe8 12. Bf1 e4 13. Nd4 Ne5 14. f4 exf3 15.
gxf3 c6 16. Bg2 Ned7 17. Bd2 Qf7 18. Bf1 Nh5 19. Be1 Qe7 20. Bf2 f4 21. e4 Ne5
22. Be2 Bh3 23. Kh1 Rad8 24. Qc2 Qf7 25. b3 Rd7 26. c5 Rfd8 27. Rd2 Qe7 28. b4
g5 29. Rg1 Bf6 30. Nb3 Rxd2 31. Nxd2 Be6 32. Ncb1 Bg7 33. Nb3 h6 34. Nd4 Bc8
35. Nd2 Nf7 36. N4b3 Nf6 37. a4 Ne5 38. b5 h5 39. Rxg5 Nh7 40. Rxh5 Qf7 41. Rh4
1-0

[Event "CAN-ch Amateur U2100"]
[Site "Kitchener CAN"]
[Date "2010.08.01"]
[Round "5"]
[White "Raats, Daniel"]
[Black "Zhou, Kevin"]
[Result "1-0"]
[WhiteElo "2028"]
[BlackElo "1862"]
[PlyCount "33"]
[EventDate "2010.07.30"]
[EventType "swiss"]
[EventRounds "7"]
[EventCountry "CAN"]

1. d4 Nf6 2. c4 g6 3. Nc3 Bg7 4. e4 d6 5. Nge2 O-O 6. Ng3 e5 7. d5 Nbd7 8. Be2
a5 9. h4 h5 10. Bg5 Nc5 11. Bxh5 gxh5 12. Nxh5 Kh7 13. Qf3 Kg6 14. Nxg7 Kxg7
15. O-O-O Kg6 16. h5+ Kxg5 17. Qe3+ 1-0

[Event "CAN-ch Amateur U2100"]
[Site "Kitchener CAN"]
[Date "2010.08.01"]
[Round "5"]
[White "Sakka, Louay"]
[Black "Knechtel, Tim"]
[Result "0-1"]
[WhiteElo "1578"]
[BlackElo "1761"]
[PlyCount "146"]
[EventDate "2010.07.30"]
[EventType "swiss"]
[EventRounds "7"]
[EventCountry "CAN"]

1. e4 d6 2. d4 Nf6 3. Nc3 Nbd7 4. Bc4 e5 5. dxe5 dxe5 6. Nf3 Be7 7. O-O O-O 8.
Bg5 c6 9. Qe2 a6 10. Rad1 Qc7 11. Nh4 b5 12. Nf5 Re8 13. Bxf6 Nxf6 14. Nxe7+
Rxe7 15. Bb3 Qb6 16. Qe3 Rb8 17. Qxb6 Rxb6 18. Rd8+ Re8 19. Rxe8+ Nxe8 20. Rd1
Bg4 21. Rd8 Kf8 22. f3 Bh5 23. g4 Bg6 24. a4 Ke7 25. Ra8 Nc7 26. Ra7 Kd6 27.
axb5 axb5 28. Kf2 Ra6 29. Rxa6 Nxa6 30. Ke3 Nc5 31. Ba2 b4 32. Ne2 Na4 33. b3
Nb6 34. c3 bxc3 35. Nxc3 Kc5 36. Na4+ Nxa4 37. bxa4 Kb4 38. Bb3 f6 39. Bc2 Be8
40. Kd3 g5 41. Bd1 Bd7 42. Bc2 Bc8 43. Bd1 c5 44. Bc2 c4+ 45. Ke3 Bd7 46. Kd2
Bxa4 47. Bxa4 Kxa4 48. Kc3 Kb5 49. h3 h6 50. Kb2 Kb4 51. Kc2 c3 52. Kc1 Kc4 53.
Kc2 Kd4 54. Kc1 Ke3 55. Kc2 Kxf3 56. Kxc3 Kxe4 57. Kd2 Kf3 58. Kd3 e4+ 59. Kd2
Kf2 60. h4 e3+ 61. Kd1 e2+ 62. Kc2 e1=Q 63. Kd3 Qe3+ 64. Kc4 Qd2 65. Kc5 Ke3
66. Kc4 Ke4 67. Kc5 Qd5+ 68. Kb6 Qc4 69. Kb7 Kd5 70. Kb6 Qc6+ 71. Ka7 Qb5 72.
Ka8 Kc6 73. Ka7 Qb7# 0-1

[Event "CAN-ch Amateur U2100"]
[Site "Kitchener CAN"]
[Date "2010.08.01"]
[Round "5"]
[White "Song, Terry"]
[Black "Gladstone, Simon"]
[Result "1/2-1/2"]
[WhiteElo "1943"]
[BlackElo "1968"]
[PlyCount "62"]
[EventDate "2010.07.30"]
[EventType "swiss"]
[EventRounds "7"]
[EventCountry "CAN"]

1. Nf3 Nf6 2. d4 e6 3. Bg5 h6 4. Bxf6 Qxf6 5. e4 d5 6. Nc3 Bb4 7. e5 Qe7 8. a3
Bxc3+ 9. bxc3 b6 10. Bd3 Ba6 11. Bxa6 Nxa6 12. Qd3 Nb8 13. O-O O-O 14. a4 c5
15. a5 c4 16. Qe2 Nc6 17. axb6 axb6 18. Rfb1 Qb7 19. Qd1 Rxa1 20. Rxa1 Ra8 21.
Qb1 Rxa1 22. Qxa1 Qa7 23. Qxa7 Nxa7 24. Nd2 Kf8 25. f4 Ke7 26. Kf2 Kd7 27. Ke2
Kc6 28. Kd1 Kb5 29. Kc1 Ka4 30. Kb2 b5 31. Nb1 Nc6 1/2-1/2

[Event "CAN-ch Amateur U2100"]
[Site "Kitchener CAN"]
[Date "2010.08.01"]
[Round "5"]
[White "Wiebe, Daniel"]
[Black "Cunningham, Ross"]
[Result "1/2-1/2"]
[WhiteElo "1967"]
[BlackElo "1855"]
[PlyCount "41"]
[EventDate "2010.07.30"]
[EventType "swiss"]
[EventRounds "7"]
[EventCountry "CAN"]

1. e4 c5 2. Nc3 d6 3. g3 Nf6 4. Bg2 Nc6 5. d3 g6 6. Be3 Bg7 7. Nge2 O-O 8. O-O
Qc7 9. a3 Rb8 10. Rb1 b5 11. Na2 Be6 12. Nac1 a5 13. d4 cxd4 14. Nxd4 Nxd4 15.
Bxd4 b4 16. axb4 axb4 17. Nd3 Nd7 18. Bxg7 Kxg7 19. Qd2 Qc4 20. Rfc1 Nc5 21.
Qe3 1/2-1/2

[Event "CAN-ch Amateur U2100"]
[Site "Kitchener CAN"]
[Date "2010.08.02"]
[Round "6"]
[White "Becker, Paul"]
[Black "Cormier, Adam"]
[Result "0-1"]
[WhiteElo "2035"]
[BlackElo "1879"]
[PlyCount "100"]
[EventDate "2010.07.30"]
[EventType "swiss"]
[EventRounds "7"]
[EventCountry "CAN"]

1. e4 c5 2. Nf3 d6 3. d4 cxd4 4. Nxd4 Nf6 5. Nc3 a6 6. Be2 e5 7. Nb3 Be7 8. O-O
O-O 9. Kh1 Nc6 10. f4 exf4 11. Bxf4 Be6 12. Qe1 Ne5 13. Rd1 Qc7 14. Nd4 b5 15.
Nd5 Nxd5 16. exd5 Bxd5 17. Nf5 Be6 18. Nxe7+ Qxe7 19. Qb4 Qc7 20. Rxd6 Ng6 21.
Bg3 Qxc2 22. Bf3 a5 23. Qd4 Qc4 24. Qxc4 Bxc4 25. Rfd1 Rac8 26. b3 Be6 27. Ra6
a4 28. bxa4 bxa4 29. Rxa4 Rc2 30. a3 Ra2 31. Ra7 h6 32. h4 Rc8 33. h5 Nf8 34.
Kh2 Nh7 35. Rd3 Nf6 36. Rd4 Kh7 37. Be5 Nxh5 38. Be4+ g6 39. Rd6 Bf5 40. Rxf7+
Kg8 41. Bd5 Rd2 42. Rc7+ Kf8 43. Rxc8+ Bxc8 44. Bb7 Re2 45. Rd8+ Ke7 46. Rxc8
Rxe5 47. Ra8 Re3 48. a4 Ra3 49. a5 Nf6 50. a6 Ng4+ 0-1

[Event "CAN-ch Amateur U2100"]
[Site "Kitchener CAN"]
[Date "2010.08.02"]
[Round "6"]
[White "Both, Aaron"]
[Black "Moran, Richard"]
[Result "0-1"]
[WhiteElo "2009"]
[BlackElo "1893"]
[PlyCount "53"]
[EventDate "2010.07.30"]
[EventType "swiss"]
[EventRounds "7"]
[EventCountry "CAN"]

1. e4 d6 2. f4 c6 3. Nf3 Bg4 4. Bc4 d5 5. Bb3 e6 6. e5 Bc5 7. d4 Bxf3 8. gxf3
Qh4+ 9. Ke2 Bb6 10. Be3 Ne7 11. c4 dxc4 12. Bxc4 Nf5 13. Nc3 O-O 14. Na4 Bxd4
15. Bxd4 Qxf4 16. Bc5 Qxc4+ 17. Kf2 Qh4+ 18. Kg2 Rd8 19. Qb3 Rd2+ 20. Kf1 Qh3+
21. Ke1 Qg2 22. Qc4 b5 23. Qe4 Na6 24. Rg1 Qxh2 25. Rf1 Nxc5 26. Nxc5 Rad8 27.
Nb3 0-1

[Event "CAN-ch Amateur U2100"]
[Site "Kitchener CAN"]
[Date "2010.08.02"]
[Round "6"]
[White "Bzikot, Robert"]
[Black "Gladstone, Simon"]
[Result "1/2-1/2"]
[WhiteElo "2004"]
[BlackElo "1968"]
[PlyCount "64"]
[EventDate "2010.07.30"]
[EventType "swiss"]
[EventRounds "7"]
[EventCountry "CAN"]

1. e4 e6 2. d4 d5 3. Nc3 Bb4 4. e5 c5 5. a3 Bxc3+ 6. bxc3 Ne7 7. Qg4 Kf8 8. Nf3
Qa5 9. Bd2 Qa4 10. c4 Qxc2 11. cxd5 exd5 12. Qh4 Qe4+ 13. Qxe4 dxe4 14. Ng5
cxd4 15. Nxe4 Nbc6 16. f4 b6 17. Rc1 Be6 18. Bd3 Bd5 19. O-O Ke8 20. Nd6+ Kd7
21. Bb5 a6 22. Ba4 f6 23. Rce1 fxe5 24. fxe5 b5 25. Bc2 Nxe5 26. Nf5 N7c6 27.
Nxd4 Nxd4 28. Rxe5 Nxc2 29. Rxd5+ Ke6 30. Rff5 Rhd8 31. Rde5+ Kd7 32. Rd5+ Ke6
1/2-1/2

[Event "CAN-ch Amateur U2100"]
[Site "Kitchener CAN"]
[Date "2010.08.02"]
[Round "6"]
[White "Fu, James"]
[Black "Brammall, Stuart"]
[Result "1-0"]
[WhiteElo "2023"]
[BlackElo "1838"]
[PlyCount "43"]
[EventDate "2010.07.30"]
[EventType "swiss"]
[EventRounds "7"]
[EventCountry "CAN"]

1. d4 f5 2. c4 Nf6 3. Nc3 d6 4. Bg5 g6 5. Bxf6 exf6 6. Qc2 f4 7. Qd2 Bh6 8. g3
c5 9. Nf3 Nc6 10. dxc5 dxc5 11. Qxd8+ Nxd8 12. Ne4 Nc6 13. Nxf6+ Kf7 14. Nd5
Nb4 15. Nxb4 cxb4 16. Bg2 Bg7 17. O-O-O fxg3 18. hxg3 a5 19. Nd4 Ra6 20. Nb5
Rf8 21. Nd6+ Ke7 22. Rxh7 1-0

[Event "CAN-ch Amateur U2100"]
[Site "Kitchener CAN"]
[Date "2010.08.02"]
[Round "6"]
[White "Gashgarian, Robert"]
[Black "Song, Terry"]
[Result "1-0"]
[WhiteElo "1942"]
[BlackElo "1943"]
[PlyCount "107"]
[EventDate "2010.07.30"]
[EventType "swiss"]
[EventRounds "7"]
[EventCountry "CAN"]

1. Nf3 Nf6 2. d4 d5 3. e3 e6 4. Bd3 c5 5. c3 Nc6 6. Nbd2 Be7 7. O-O O-O 8. Re1
b6 9. dxc5 Bxc5 10. Qc2 Bb7 11. b4 Be7 12. e4 dxe4 13. Nxe4 h6 14. a3 Rc8 15.
Bb2 Qc7 16. c4 Nxe4 17. Bxe4 Nb8 18. Rac1 Nd7 19. Ne5 Bxe4 20. Qxe4 Nxe5 21.
Bxe5 Bd6 22. Bxd6 Qxd6 23. Red1 Qc7 24. g3 Rfd8 25. Rxd8+ Rxd8 26. c5 bxc5 27.
Rxc5 Qd7 28. Qc2 Qd4 29. Qa4 Qe4 30. Rc1 Ra8 31. Qa6 Kh7 32. b5 h5 33. Qc6 Qxc6
34. Rxc6 Rb8 35. a4 Rb7 36. Kg2 Kg6 37. Kf3 Kf5 38. h4 Ke5 39. Ke3 Rd7 40. Rc5+
Kd6 41. Kd4 Ke7+ 42. Kc3 Rb7 43. Kb4 Kd7 44. Rxh5 Kd6 45. Rc5 a5+ 46. Kc4 Kd7
47. Rc6 Ra7 48. Kc5 Ra8 49. b6 g6 50. Rc7+ Kd8 51. Kc6 f5 52. Kb7 e5 53. Kxa8
f4 54. gxf4 1-0

[Event "CAN-ch Amateur U2100"]
[Site "Kitchener CAN"]
[Date "2010.08.02"]
[Round "6"]
[White "Hendon, Lee"]
[Black "Sakka, Louay"]
[Result "1-0"]
[WhiteElo "1724"]
[BlackElo "1578"]
[PlyCount "62"]
[EventDate "2010.07.30"]
[EventType "swiss"]
[EventRounds "7"]
[EventCountry "CAN"]

1. e4 d6 2. d4 Nd7 3. c4 c5 4. Nf3 cxd4 5. Nxd4 e5 6. Nf5 g6 7. Nxd6+ Bxd6 8.
Qxd6 Qb6 9. Qxb6 axb6 10. Nc3 Ngf6 11. f3 O-O 12. Nd5 b5 13. Nc7 Rb8 14. Nxb5
Nc5 15. Bg5 Kg7 16. b4 Ne6 17. Bxf6+ Kxf6 18. O-O-O Rd8 19. Be2 Bd7 20. Nc3 Nd4
21. Nd5+ Kg7 22. Rhe1 Ba4 23. Rd2 Rd6 24. Bd1 Bxd1 25. Rexd1 Rc8 26. c5 b6 27.
Ne7 Rc7 28. Kb1 bxc5 29. Nd5 Rb7 30. a3 cxb4 31. axb4 Nc6 1-0

[Event "CAN-ch Amateur U2100"]
[Site "Kitchener CAN"]
[Date "2010.08.02"]
[Round "6"]
[White "Jackson, Nicholas"]
[Black "McGlynn, Danny"]
[Result "1-0"]
[WhiteElo "1624"]
[BlackElo "1886"]
[PlyCount "83"]
[EventDate "2010.07.30"]
[EventType "swiss"]
[EventRounds "7"]
[EventCountry "CAN"]

1. e4 c6 2. d4 d5 3. Nc3 dxe4 4. Nxe4 Nf6 5. Nxf6+ exf6 6. Nf3 Bd6 7. Bd3 O-O
8. O-O Be6 9. c3 Nd7 10. Qc2 g6 11. h4 Bd5 12. Bh6 Bxf3 13. Bxf8 Nxf8 14. gxf3
f5 15. Kg2 Qxh4 16. Rh1 Qg5+ 17. Kf1 Qf4 18. Qe2 Ne6 19. Qe3 Kg7 20. Ke2 h5 21.
Rag1 Kf6 22. Bc4 Re8 23. Kd1 Qxe3 24. fxe3 Ng5 25. e4 fxe4 26. Re1 e3 27. f4
Bxf4 28. Rhf1 Kf5 29. Bd3+ Ne4 30. Rxe3 g5 31. Re2 h4 32. Rfe1 g4 33. Rxe4 Rxe4
34. Bxe4+ Kg5 35. Ke2 f5 36. Bh1 h3 37. Kf1 g3 38. Re7 Kg4 39. Rxb7 Bg5 40.
Bxc6 f4 41. Rh7 h2 42. Kg2 1-0

[Event "CAN-ch Amateur U2100"]
[Site "Kitchener CAN"]
[Date "2010.08.02"]
[Round "6"]
[White "Knechtel, Tim"]
[Black "Supsup, Ferdinand"]
[Result "0-1"]
[WhiteElo "1761"]
[BlackElo "1913"]
[PlyCount "84"]
[EventDate "2010.07.30"]
[EventType "swiss"]
[EventRounds "7"]
[EventCountry "CAN"]

1. Nf3 d5 2. d3 Bf5 3. c3 Nf6 4. Nbd2 c6 5. Qc2 h6 6. e4 Bh7 7. Be2 e6 8. O-O
Be7 9. h3 O-O 10. Re1 a5 11. Bf1 b5 12. g3 Na6 13. Bg2 b4 14. Re2 Qb8 15. Nd4
Rc8 16. e5 Nd7 17. f4 c5 18. N4f3 c4 19. Ne1 Ndc5 20. Nxc4 dxc4 21. Bxa8 cxd3
22. Qd2 Qxa8 23. Rh2 Rd8 24. Qg2 Ne4 25. Bd2 Bc5+ 26. Kf1 Qd5 27. Nf3 bxc3 28.
bxc3 Qc4 29. Ne1 Ba3 30. Rb1 Qxa2 31. Rb6 Qc4 32. Rb1 a4 33. Nf3 Nac5 34. Nd4
Nxd2+ 35. Qxd2 Ne4 36. Qe3 Nxc3 37. Ra1 Bc5 38. Qd2 Qxd4 39. Rg2 Ne4 40. Qa2 d2
41. Rd1 Nxg3+ 42. Rxg3 Qf2# 0-1

[Event "CAN-ch Amateur U2100"]
[Site "Kitchener CAN"]
[Date "2010.08.02"]
[Round "6"]
[White "Liu, Steven"]
[Black "Cunningham, Ross"]
[Result "0-1"]
[WhiteElo "1908"]
[BlackElo "1855"]
[PlyCount "64"]
[EventDate "2010.07.30"]
[EventType "swiss"]
[EventRounds "7"]
[EventCountry "CAN"]

1. Nf3 d5 2. c4 Nf6 3. e3 e6 4. d4 c5 5. Nc3 Nc6 6. cxd5 Nxd5 7. Bc4 Nxc3 8.
bxc3 Be7 9. O-O O-O 10. Ba3 Qa5 11. Qb3 a6 12. Bd3 c4 13. Qxc4 Bxa3 14. e4 Bb2
15. Rae1 Qxc3 16. Qxc3 Bxc3 17. Re2 Nxd4 18. Nxd4 Bxd4 19. Rc1 Rd8 20. Rec2 Bd7
21. Be2 Bc6 22. Bf3 Rd7 23. h3 Rad8 24. Rc4 Bb6 25. g4 Rd4 26. Kg2 Rxc4 27.
Rxc4 Rd2 28. Rc3 Rxf2+ 29. Kg3 g5 30. Rb3 Ba7 31. Rd3 Rxa2 32. Rd8+ Kg7 0-1

[Event "CAN-ch Amateur U2100"]
[Site "Kitchener CAN"]
[Date "2010.08.02"]
[Round "6"]
[White "Nicholson, Matthew"]
[Black "Leu, Richard"]
[Result "1-0"]
[WhiteElo "1982"]
[BlackElo "2005"]
[PlyCount "51"]
[EventDate "2010.07.30"]
[EventType "swiss"]
[EventRounds "7"]
[EventCountry "CAN"]

1. e4 c5 2. Nf3 d6 3. d4 cxd4 4. Nxd4 Nf6 5. Nc3 a6 6. Be3 e6 7. f3 Qc7 8. Qd2
Be7 9. g4 Nc6 10. O-O-O b5 11. Kb1 Bb7 12. g5 Nd7 13. Bh3 Nc5 14. Nxc6 Bxc6 15.
Bd4 b4 16. Ne2 e5 17. Be3 Qb7 18. Ng3 g6 19. Bf1 O-O-O 20. Bc4 Na4 21. Qe2 Kb8
22. Bxa6 Nc3+ 23. bxc3 Qc7 24. cxb4 d5 25. exd5 Bxd5 26. Qb5+ 1-0

[Event "CAN-ch Amateur U2100"]
[Site "Kitchener CAN"]
[Date "2010.08.02"]
[Round "6"]
[White "Piccinin, Mario"]
[Black "Raats, Daniel"]
[Result "0-1"]
[WhiteElo "1768"]
[BlackElo "2028"]
[PlyCount "109"]
[EventDate "2010.07.30"]
[EventType "swiss"]
[EventRounds "7"]
[EventCountry "CAN"]

1. f4 d5 2. Nf3 Nf6 3. e3 Bg4 4. d4 e6 5. Nbd2 Ne4 6. Bd3 f5 7. c3 Bd6 8. Nf1
O-O 9. h3 Bxf3 10. Qxf3 Nd7 11. Bxe4 fxe4 12. Qe2 c5 13. Bd2 Nb6 14. dxc5 Bxc5
15. O-O-O Nc4 16. Kb1 b5 17. Bc1 a5 18. Ng3 Qc7 19. b3 Nd6 20. Bb2 a4 21. b4
Bb6 22. a3 Nc4 23. Nf1 Rac8 24. g3 Nxb2 25. Qxb2 Qxc3 26. Rc1 Qd3+ 27. Ka1 Bxe3
28. Nxe3 Qxe3 29. Rce1 Qc3 30. Rc1 Qxb2+ 31. Kxb2 e5 32. Rhf1 Rxc1 33. Kxc1
exf4 34. gxf4 g5 35. f5 Kf7 36. Rd1 Rd8 37. Kd2 Kf6 38. Rf1 d4 39. Rc1 Rd5 40.
Rc7 h5 41. Rh7 h4 42. Rh8 Rxf5 43. Rd8 Ke5 44. Re8+ Kf4 45. Rd8 d3 46. Rd7 Re5
47. Rd8 e3+ 48. Ke1 Ke4 49. Kd1 Rf5 50. Re8+ Kd4 51. Rd8+ Kc3 52. Ke1 Rf3 53.
Rc8+ Kb2 54. Rd8 e2 55. Kd2 0-1

[Event "CAN-ch Amateur U2100"]
[Site "Kitchener CAN"]
[Date "2010.08.02"]
[Round "6"]
[White "Siddeley, Hugh"]
[Black "Gillanders, Robert"]
[Result "1-0"]
[WhiteElo "2051"]
[BlackElo "1824"]
[PlyCount "75"]
[EventDate "2010.07.30"]
[EventType "swiss"]
[EventRounds "7"]
[EventCountry "CAN"]

1. e4 c5 2. Nf3 Nc6 3. d4 cxd4 4. Nxd4 Nf6 5. Nc3 e5 6. Ndb5 d6 7. Nd5 Nxd5 8.
exd5 Nb8 9. a4 a6 10. Na3 Bf5 11. Nc4 Be7 12. a5 Nd7 13. Be2 O-O 14. O-O Bg6
15. f4 f5 16. Kh1 e4 17. Be3 Rc8 18. c3 Bh5 19. Nb6 Bxe2 20. Qxe2 Nxb6 21. Bxb6
Qd7 22. Rfc1 Bf6 23. c4 Rfe8 24. Ra2 g6 25. b4 Qg7 26. Rac2 Qd7 27. Qe3 Qg7 28.
Qb3 Bd4 29. c5 e3 30. Qd3 Re4 31. cxd6 Rxc2 32. Qxc2 Bxb6 33. axb6 Qf6 34. d7
e2 35. Re1 Kg7 36. Qc7 Kh6 37. d8=Q Qa1 38. Qh4# 1-0

[Event "CAN-ch Amateur U2100"]
[Site "Kitchener CAN"]
[Date "2010.08.02"]
[Round "6"]
[White "Wiebe, Daniel"]
[Black "Erickson, John"]
[Result "0-1"]
[WhiteElo "1967"]
[BlackElo "1775"]
[PlyCount "72"]
[EventDate "2010.07.30"]
[EventType "swiss"]
[EventRounds "7"]
[EventCountry "CAN"]

1. e4 c5 2. Nf3 d6 3. d4 cxd4 4. Nxd4 Nf6 5. Nc3 g6 6. f3 Bg7 7. Be3 Nc6 8. Qd2
O-O 9. Bc4 a6 10. O-O-O Nxd4 11. Bxd4 b5 12. Bb3 Bb7 13. h4 h5 14. g4 e6 15.
gxh5 Nxh5 16. Bxg7 Kxg7 17. Ne2 a5 18. Nd4 d5 19. a3 dxe4 20. Qc3 Qf6 21. Qc7
Qf4+ 22. Qxf4 Nxf4 23. fxe4 Bxe4 24. Rhe1 Bb7 25. Nxb5 Rh8 26. Nd4 Ng2 27. Rg1
Be4 28. Bxe6 fxe6 29. Nxe6+ Kf6 30. Nc5 Bf3 31. Rdf1 Nxh4 32. Rg3 g5 33. Rgxf3+
Nxf3 34. Rxf3+ Kg6 35. Rg3 Rad8 36. Ne6 Rh1+ 0-1

[Event "CAN-ch Amateur U2100"]
[Site "Kitchener CAN"]
[Date "2010.08.02"]
[Round "6"]
[White "Zhou, Kevin"]
[Black "Lai, Jonathan"]
[Result "0-1"]
[WhiteElo "1862"]
[BlackElo "1768"]
[PlyCount "58"]
[EventDate "2010.07.30"]
[EventType "swiss"]
[EventRounds "7"]
[EventCountry "CAN"]

1. e4 c5 2. Nf3 d6 3. d4 cxd4 4. Nxd4 Nf6 5. Nc3 g6 6. Be2 Bg7 7. O-O O-O 8.
Bg5 Nc6 9. Nb3 Be6 10. f4 h6 11. Bh4 Bd7 12. g4 Qc8 13. h3 Re8 14. Rf3 Qc7 15.
Qf1 Rf8 16. Rd1 Na5 17. e5 Nh7 18. Bxe7 Rfe8 19. Bxd6 Qd8 20. Ba3 Nxb3 21. cxb3
g5 22. Rfd3 Qb6+ 23. Kh2 Bc6 24. Nd5 Bxd5 25. Rxd5 Rac8 26. Bc4 gxf4 27. Qxf4
Ng5 28. Qf5 Qe3 29. Bf1 Nf3+ 0-1

[Event "CAN-ch Amateur U2100"]
[Site "Kitchener CAN"]
[Date "2010.08.02"]
[Round "7"]
[White "Cormier, Adam"]
[Black "Nicholson, Matthew"]
[Result "0-1"]
[WhiteElo "1879"]
[BlackElo "1954"]
[PlyCount "56"]
[EventDate "2010.07.30"]
[EventType "swiss"]
[EventRounds "7"]
[EventCountry "CAN"]

1. d4 d5 2. c4 e6 3. Nf3 c6 4. e3 Nf6 5. b3 c5 6. cxd5 exd5 7. Bb5+ Nc6 8. O-O
a6 9. Be2 Bd6 10. Bb2 O-O 11. dxc5 Bxc5 12. Qc2 Ba7 13. Rd1 Re8 14. Na3 Ne4 15.
Nd4 Nb4 16. Qb1 Qh4 17. g3 Qh6 18. Nac2 Nxc2 19. Qxc2 Nxf2 20. Kxf2 Qxh2+ 21.
Kf3 Re4 22. Qxe4 dxe4+ 23. Kxe4 b5 24. Kd3 Bb7 25. Rac1 Qxg3 26. Rg1 Qe5 27.
Rg4 Re8 28. Rxg7+ Qxg7 0-1

[Event "CAN-ch Amateur U2100"]
[Site "Kitchener CAN"]
[Date "2010.08.02"]
[Round "7"]
[White "Cunningham, Ross"]
[Black "McGlynn, Danny"]
[Result "1/2-1/2"]
[WhiteElo "1855"]
[BlackElo "1886"]
[PlyCount "84"]
[EventDate "2010.07.30"]
[EventType "swiss"]
[EventRounds "7"]
[EventCountry "CAN"]

1. e4 c6 2. d4 d5 3. Nc3 dxe4 4. Nxe4 Nf6 5. Nxf6+ exf6 6. Nf3 Bd6 7. Bd3 O-O
8. O-O Be6 9. b3 Nd7 10. c4 Re8 11. Qc2 Nf8 12. Bb2 a5 13. Rfe1 a4 14. Bc3 axb3
15. axb3 Rxa1 16. Rxa1 Qc7 17. h3 Rc8 18. Nd2 Qd7 19. Nf1 Ng6 20. Bd2 f5 21.
Re1 Nf4 22. Bxf4 Bxf4 23. Ne3 g6 24. Qb2 Bh6 25. Nc2 f4 26. Be4 Bg7 27. Qc1 g5
28. d5 cxd5 29. Rd1 d4 30. Qd2 Rd8 31. Qd3 f5 32. Bf3 g4 33. hxg4 fxg4 34. Be4
Bh8 35. Nb4 Qf7 36. Nd5 Rf8 37. Re1 Re8 38. Kf1 f3 39. Kg1 b5 40. gxf3 bxc4 41.
bxc4 gxf3 42. Qxf3 Qxf3 1/2-1/2

[Event "CAN-ch Amateur U2100"]
[Site "Kitchener CAN"]
[Date "2010.08.02"]
[Round "7"]
[White "Gashgarian, Robert"]
[Black "Erickson, John"]
[Result "1/2-1/2"]
[WhiteElo "1942"]
[BlackElo "1775"]
[PlyCount "76"]
[EventDate "2010.07.30"]
[EventType "swiss"]
[EventRounds "7"]
[EventCountry "CAN"]

1. c4 Nf6 2. Nc3 d6 3. d3 e5 4. g3 c6 5. Bg2 Be7 6. Nf3 O-O 7. O-O Ne8 8. d4
Qc7 9. dxe5 dxe5 10. e4 Be6 11. b3 f6 12. Be3 Qa5 13. Qc2 Bb4 14. Na4 Na6 15.
a3 Be7 16. Rfd1 b5 17. Nb2 Rc8 18. b4 Qc7 19. cxb5 cxb5 20. Qxc7 Rxc7 21. Rac1
Nd6 22. Rxc7 Nxc7 23. Bc5 Nc8 24. Rc1 Bxc5 25. Rxc5 Rf7 26. Ne1 Nd6 27. Nc2 Bb3
28. Ne3 Ne6 29. Rc3 Nd4 30. Kh1 a5 31. Nd3 axb4 32. axb4 Ra7 33. Nc5 Ra1+ 34.
Bf1 Bc4 35. Nxc4 Nxc4 36. Kg2 Nd2 37. Bd3 N2f3 38. Bf1 Nd2 1/2-1/2